Artes plásticas entre as crianças (Record no. 45765)

MARC details
000 -Etiqueta do registo
Valores 00454cam a2200181 4500
100 ## - Dados gerais de processamento
Dados gerais 19910306d1969 k y0pory5003 ba
101 0# - Língua de publicação
Língua por
102 ## - País de publicação
País BR
200 1# - Titulo e menção de responsabilidade
Título próprio Artes plásticas entre as crianças
Primeira menção de responsabilidade Mathylda Bessa
210 ## - Publicação
Local de publicação Rio de Janeiro
Nome do editor Livraria José Olympio,
Data de publicação 1969
215 ## - Descrição física 
Paginação / Volumes 95 p.
225 2# - Colecção 
Título próprio da colecção Didáctica dinâmica
675 ## - CDU
Notação 37.03
700 #1 - Autor principal
Apelido Bessa,
Nome Mathylda
801 #0 - Fonte de origem
País PT
Agência BN
Regras de catalogação RPC
990 ## - Elementos KOHA
Tipo de documento Livro
Holdings
Aquisição Empréstimo Código de barras Cota Permissão de empréstimo Tipo de documento
Biblioteca Municipal de Redondo Biblioteca Municipal de Redondo 056998 37.03 BES   Livro

Powered by Koha